书目信息 |
| 题名: |
阅读、翻译短文写作
|
|
| 作者: | 王红利 主编 | |
| 分册: | ||
| 出版信息: | 北京 电子工业出版社 2003.06 |
|
| 页数: | 376页 | |
| 开本: | 24cm | |
| 丛书名: | ||
| 单 册: | ||
| 中图分类: | H31 | |
| 科图分类: | ||
| 主题词: | 英语 | |
| 电子资源: | ||
| ISBN: | 7-5053-8806-1 | |
| 000 | 00554nam0 2200193 45 | |
| 001 | 0432791572 | |
| 005 | 2004092009063117 | |
| 010 | @a7-5053-8806-1@dCNY 33.00 | |
| 100 | @a20040920d2003 km y0chiy0120 ea | |
| 101 | 0 | @achi |
| 102 | @aCN@b110000 | |
| 200 | 1 | @a阅读、翻译短文写作@AYue Du、Fan Yi Duan Wen Xie Zuo@f王红利主编@FWang Hong Li Zhu Bian |
| 210 | @a北京@c电子工业出版社@d2003.06 | |
| 215 | @a376页@d24cm | |
| 606 | 0 | @a英语 |
| 690 | @aH31@v3 | |
| 701 | 0 | @a王红利@AWang Hong Li@4主编 |
| 801 | 0 | @aCN@bPFT@c20040920 |
| 905 | @a安徽大学@dH31@eW2031 | |
| 阅读、翻译短文写作/王红利主编.-北京:电子工业出版社,2003.06 |
| 376页;24cm |
| ISBN 7-5053-8806-1:CNY 33.00 |
| ● |
| 相关链接 |
|
|
|
正题名:阅读、翻译短文写作
索取号:H31/W2031
 
预约/预借
| 序号 | 登录号 | 条形码 | 馆藏地/架位号 | 状态 | 备注 |
| 1 | 394601 | 203946016 | 语言库209/209语言库 86排4列6层/ [索取号:H31/W2031] | 在馆 | |
| 2 | 394602 | 203946025 | 语言库209/209语言库 86排4列6层/ [索取号:H31/W2031] | 在馆 | |
| 3 | 394603 | 203946034 | 语言库209/ [索取号:H31/W2031] | 在馆 |